Biografía de Winston Churchill /

Líderes del siglo XX es una colección que presenta una semblanza de personajes relevantes que han influido en el ámbito político, económico, militar, tecnológico o científico, según el contexto en que se han desarrollado. El volumen de cada video se ha asignado según el orden de su clasificación.

Kaydedildi:
Detaylı Bibliyografya
Yazar: Haley, Jack, hijo (realización)
Diğer Yazarlar: Ramrus, Al (guión) (guión), Haley, Jack, hijo (guión) (guión), Lizalde, Enrique (conducción) (conducción)
Materyal Türü: Saydam/Asetat
Dil:İspanyolca
Baskı/Yayın Bilgisi: EUA : International Creative Exchange, 1962, c1962
Seri Bilgileri:(Líderes del Siglo XX ; 3)
Konular:
Etiketler: Etiketle
Etiket eklenmemiş, İlk siz ekleyin!

MARC

LEADER 00000ngm^a2200000^a^4500
001 000373077
005 20250521000000.0
009 20260310120028.626
025 |a Donación sin dato, 1 ejemplar 
037 |a Acervo Xavier Clavigero 
041 |a ESP 
082 |a 920. 02  |b HAL V. 3 
100 |a Haley, Jack,  |c hijo  |e (realización) 
240 1 1 |a [A and E Biografía] 
245 1 0 |a Biografía de Winston Churchill /  |c Realización de J. Haley, hijo. 
264 4 |a EUA :  |b International Creative Exchange,  |c 1962, c1962 
264 2 |a México :  |b Promolíder [distribución],  |c fecha no identificada 
300 |a 1 videocasete VHS (30 min.) :  |b blanco y negro 
336 |a imagen móvil bidimensional  |b tdi  |2 rdacontenido 
337 |a video  |b v  |2 rdamedio 
338 |a videocasete  |b vf  |2 rdasoporte 
440 1 |a (Líderes del Siglo XX ;  |v 3) 
520 |a Líderes del siglo XX es una colección que presenta una semblanza de personajes relevantes que han influido en el ámbito político, económico, militar, tecnológico o científico, según el contexto en que se han desarrollado. El volumen de cada video se ha asignado según el orden de su clasificación. 
520 |a Documental que presenta una semblanza biográfica de Winston Churchill (1874-1965), estadista, primer ministro de Gran Bretaña, oficial del ejército, líder del Partido Conservador, figura relevante en el transcurso de la Segunda Guerrra Mundial, escritor y Premio Nobel de Literatura en 1953. 
546 |a Doblaje al español 
586 |a Premio Nobel de Literatura 1953: Biografías, crítica e interpretación 
649 |a XX 
650 |a Jefes de Estado Británicos -  |x Biografías 
650 |a Políticos Ingleses -  |x Biografías 
650 |a Escritores Ingleses -  |x Biografías 
650 |a Política -  |z Gran Bretaña -  |x Historia -  |y Winston Churchill, 1940-1945 
650 |a Política -  |z Gran Bretaña -  |x Historia -  |y Jorge VI, 1936-1952 
650 |a Política -  |z Gran Bretaña -  |x Historia -  |y Siglo XX 
650 |a Gran Bretaña -  |x Historia -  |y Winston Churchill, 1940-1945 -  |x Tema Principal 
650 |a Gran Bretaña -  |x Historia -  |y Jorge VI, 1936-1952 
650 |a Gran Bretaña -  |x Historia -  |y Siglo XX 
650 |a Gran Bretaña -  |x Historia -  |y Período Victoriano y Casa de Windsor, 1837 en Adelante 
650 |a Guerra Mundial (Segunda), 1939-1945 -  |x Historia 
650 |a Churchill, Winston -  |x Tema Principal 
700 |a Ramrus, Al  |e (guión) 
700 |a Haley, Jack,  |c hijo  |e (guión) 
700 |a Lizalde, Enrique  |e (conducción) 
910 |a Fondo General 
920 |a Audiovisuales - Videocasetes 
905 |a 301 
901 |a 0500267677  |b IT2  |c VIS  |i FXC D  |u 20250521 
902 |a https://opac.biblio.iteso.mx/vufind/Record/000373077